000 00750nam a22001937a 4500
999 _c7890
_d7890
003 AR-CdUCM
008 190321b ||||| |||| 00| 0 spa d
040 _aMUNICIPALIDAD PROVINCIAL DEL CUSCO
_cBIBLIOTECA MUNICIPAL DEL CUSCO
082 _a511.33 /
_bG96
100 _aGutierrez Samanez, Julio Antonio
_922309
245 _aLa cuadratura del circulo :
_b¡si, es posible! /
260 _aCusco :
_bGutierrez Samanez ediciones,
_c2005.
300 _a83 paginas ;
_c30 cm.
505 _aContenido :Métodos gráficos -- Comprobación teórica y analítica -- Comprobación analítica -- Identidad de las áreas -- El aporte de Eusebio Corazao ...
650 _aAritmética
_919777
650 _aÁlgebra
_919778
942 _2ddc
_cLIBROS
945 _arum